Регионална библиотека "Любен Каравелов" - Русе

В един удар на сърцето (Запис номер 100769)

MARC детайли
000 -Лидер
Контролно поле с фиксирана дължина 01186nam a2200325 c 4500
003 - Код на организацията, давaща контролен номер
Контролно поле BLK
005 - Дата и час на последна редакция
Контролно поле 20230519125724.0
008 - Елементи от данни с фиксирана дължина
fixed length control field 180409b bul|||||r ||||||| ||bul||
010 ## - Наследен системен номер
LC control number KNG00105795000
020 ## - Международен стандартен номер на книга ISBN
Международен стандартен номер на книга ISBN 954-17-0205-8
040 ## - Източник на каталожния запис
Идентификатор на билиотеката - собственик на записа BLK
041 ## - Код за език
Код за езика на текст/звукозапис или на отделно заглавие Български
Код за езика КДБФ Български
080 ## - УДК
Текстов определител УДК Английска литература
УДК код - определител по УДК 821.111
УДК определител -31
УДК - код + определител 821.111-31
100 1# - Редна дума - Автор
Автор Адлър, Елизабет
Авторска отговорност първи автор
R(LIN) 364396
139 ## - Редно поле
Редна дума Адлър, Елизабет
Авторски знак Адл - А 31
245 10 - Сведения за заглавието
Заглавие В един удар на сърцето
Подзаглавни данни Роман
Редно поле (дума) Елизабет Адлър; прев. Силвия Вангелова.
257 ## - Страна на издаване
Страна на създаване/издаване Великобритания
260 ## - Област на издателските данни
Име на издателя, разпространителя и проч. Калпазанов
Година на издаване 2003
Място на издаване, разпространение и проч. София
300 ## - Физическа характеристика
Страници 384 с.
Размери/Мащаб 20 см
380 ## - Жанр
Жанр Худож. лит.
490 ## - СЕРИИ (Колекции)
Име на серия Колекция Елизабет Адлър
9 (RLIN) 201278
500 ## - Общи забележки
Забележка Ориг. загл. In a Heartbeat / Elizabeth Adler.
700 1# - Други автори (авторска отговорност)
Лично име Вангелова, Силвия
Автороска отговорност (Описва отношението между автора и произведението) прев.
9 (RLIN) 367883
852 ## - Местоположение
Форматна сигнатура Цб 318096
Фондова буква Основен фонд - ползва се само за читалня
856 4# - Електронен адрес и достъп
Електронен формат pdf - файл
Инструкция (цена за достъп) 0.00
Права за достъп disable
856 4# - Електронен адрес и достъп
Електронен формат pdf - файл
Инструкция (цена за достъп) 0.00
Права за достъп disable
999 ## - СИСТЕМНИ КОНТРОЛНИ НОМЕРА
Koha biblionumber 100769
Koha biblioitemnumber 100769
942 ## - АРТИКУЛИ
Вид на библиотечния материал Книги
Скрит в OPAC Не
Koha issues (borrowed), all copies 21
Периодичен библиозапис Да
944 ## - СЪЗДАВАНЕ И РЕДАКЦИЯ на ЗАПИСА
Създаване/Редакция Създаване
Дата на регистрацията/редакция 01.01.2003
Статус, дата на статуса ф /
Служител, извършил регистрацията/редакцията Людмила_Стоянова
944 ## - СЪЗДАВАНЕ И РЕДАКЦИЯ на ЗАПИСА
Създаване/Редакция Редакция
Дата на регистрацията/редакция 2023-05-19
Служител, извършил регистрацията/редакцията ГГГ
Наличности
Код за отписване Код за изгубен артикул Код за повреда Коз за рестрикции Код за отдаване Артикулен № Име на библиотеката - собственик Име на библиотеката, в която се намира в момента Статус (Текущо местоположение) Дата на вписване в системата Местоположение - отдел Цена в лева Инвентарен номер Систематично азбучна сигнатура Баркод Номер на екземпляра Цена в евро Служебна бележка Служебен тип на артикула Бележка за публиката Източник на класификационната схема
Изтеглен Не е изгубен Не е повреден без рестрикции заемане за дома 162172 Регионална библиотека "Любен Каравелов" Русе Регионална библиотека "Любен Каравелов" Русе   2003-04-15 Заемна - подръчен фонд 8.00 120000675833 П 820-31/А 31 120000675833 1 4.09 Дост: Pk Вид: Ф N: 12 Дата: 15.04.2003 Книги Отч.N: 50/2017 , Дата: 10.10.2017  
Изтеглен Не е изгубен Не е повреден без рестрикции заемане за дома 162173 Регионална библиотека "Любен Каравелов" Русе Регионална библиотека "Любен Каравелов" Русе Заемна - подръчен фонд 2003-05-12 Заемна - подръчен фонд 8.00 120000676107 П 820-31/А 31 120000676107 2 4.09 Дост: Pk Вид: Ф N: 15 Дата: 09.05.2003 Книги   Universal Decimal Classification
Изтеглен Не е изгубен Не е повреден без рестрикции заемане за дома 162174 Регионална библиотека "Любен Каравелов" Русе Регионална библиотека "Любен Каравелов" Русе Заемна - подръчен фонд 2003-12-05 Заемна - подръчен фонд 8.00 120000680632 П 820-31/А 31 120000680632 3 4.09 Дост: Pk Вид: Ф N: 39 Дата: 05.12.2003 Книги   Universal Decimal Classification
Изтеглен Не е изгубен Не е повреден без рестрикции заемане за дома 162175 Регионална библиотека "Любен Каравелов" Русе Регионална библиотека "Любен Каравелов" Русе Заемна - подръчен фонд 2013-02-07 Заемна - подръчен фонд 10.00 120000763636 П 820-31/А 31 120000763636 4 5.11 Дост: DA Вид: А N: 1 Дата: 07.02.2013 Дата инв: 07.03.2018 Бележки инв: П2018 Книги   Universal Decimal Classification
  Не е изгубен Не е повреден само за читалня ползва се в читалня 928857 Регионална библиотека "Любен Каравелов" Русе Регионална библиотека "Любен Каравелов" Русе Хранилище 2023-05-23 Основен фонд - ползва се само за читалня 8.00 120000888104 Цб 318096 120000888104   4.09   Книги   Universal Decimal Classification
Vip Innovations Ltd, Rousse, Bulgaria 2025